Náhrada škody pri pracovnom úraze a chorobe z povolania, ako aj pri dopravnej nehode a možné spôsoby zdaňovania

Zodpovednosť zamestnávateľa za škodu. Náhrada škody poistenia zodpovednosti zamestnávateľa za škodu ako predmet dane z príjmov fyzických osôb a ako príjem od dane oslobodený. Zodpovednosť za škodu spôsobenú prevádzkou dopravných prostriedkov. Praktické príklady.

Salvato in:
Dettagli Bibliografici
Autore principale: Lešková, Marta
Natura: Capitolo di libro
Lingua:slovacco
Soggetti:
Tags: Aggiungi Tag
Nessun Tag, puoi essere il primo ad aggiungerne!!

MARC

LEADER 00000naa a2200000 4500
001 r046897
005 20231003085606.7
041 0 |a slo 
044 |a SK 
245 1 0 |a Náhrada škody pri pracovnom úraze a chorobe z povolania, ako aj pri dopravnej nehode a možné spôsoby zdaňovania  |c Marta Lešková 
520 |a Zodpovednosť zamestnávateľa za škodu. Náhrada škody poistenia zodpovednosti zamestnávateľa za škodu ako predmet dane z príjmov fyzických osôb a ako príjem od dane oslobodený. Zodpovednosť za škodu spôsobenú prevádzkou dopravných prostriedkov. Praktické príklady. 
610 2 0 |a náhrada škody 
610 2 0 |a úrazy pracovné 
610 2 0 |a choroby z povolania 
610 2 0 |a nehody dopravné 
610 2 0 |a zdaňovanie 
610 2 0 |a zodpovednosť za škody 
610 2 0 |a zamestnávatelia 
610 2 0 |a poistenie zodpovednosti za škody 
610 2 0 |a dane z príjmov 
610 2 0 |a oslobodenie od daní 
100 1 |a Lešková, Marta